Dr.B.R. Ambedkar's Political Philosophy (Record no. 51617)

MARC details
000 -LEADER
fixed length control field 00408nam a2200157Ia 4500
008 - FIXED-LENGTH DATA ELEMENTS--GENERAL INFORMATION
fixed length control field 220530s9999 xx 000 0 und d
020 ## - INTERNATIONAL STANDARD BOOK NUMBER
International Standard Book Number 978-93-80836-40-9
041 ## - LANGUAGE CODE
Language code of text/sound track or separate title eng
082 ## - DEWEY DECIMAL CLASSIFICATION NUMBER
Classification number 820
Item number SIN
100 ## - MAIN ENTRY--PERSONAL NAME
Personal name Singh, Surendra Kumar
9 (RLIN) 56995
245 ## - TITLE STATEMENT
Title Dr.B.R. Ambedkar's Political Philosophy
250 ## - EDITION STATEMENT
Edition statement 1st
260 ## - PUBLICATION, DISTRIBUTION, ETC. (IMPRINT)
Place of publication, distribution, etc. New Delhi
Name of publisher, distributor, etc. Centrum Press
Date of publication, distribution, etc. 2011
300 ## - PHYSICAL DESCRIPTION
Extent VII;304P
Other physical details PB
906 ## - LOCAL DATA ELEMENT F, LDF (RLIN)
a 135
b GB
Holdings
Withdrawn status Lost status Damaged status Not for loan Collection code Home library Current library Date acquired Vendor Cost, normal purchase price Full call number Barcode Date last seen Cost, replacement price Bill Date Koha item type Original Barcode
        Non Technical Cummins College of Engineering for Women Nagpur Cummins College of Engineering for Women Nagpur 23/05/2013 Nagpur Popular Book Shop 900.00 820/SIN/ CEWN-BK-4358 30/05/2022 765.00 30/05/2022 Books 004358